000 00481nam a2200145Ia 4500
041 _aArabic
082 _a345 cut-498 ع
100 _a20260118u\\\\\\\\\\\y0engy0103\\\\ba
100 _aد.ايمن حسين العريمي
245 0 _aالمسؤولية الجزائية عن جرائم الشيك في ضوء الفقه واحكام القضاء
250 _aط1
260 _bدار الثقافة للنشر
_aعمان-الاردن
_c2008
300 _a208
942 _cBk
999 _c187618
_d187618